000 00654nam a2200217 a 4500
001 000022886
003 DO-SdBNP
005 20251022101015.0
008 101122s1965 ag r 000 | spa d
040 _aDO-SdBNP
_bspa
_cBNPHU
082 4 _a336.294
_bW721f
100 1 _aWilliams, Alan
_947041
245 1 0 _aFinanzas públicas y política presupuestaria /
_cAlan Williams ; traducción de Flora Brust.
250 _a2a ed.
260 _aBuenos Aires :
_bAmorrortu,
_c1965.
300 _a286 p. ;
_c23 cm.
650 0 _aFinanzas públicas
_932168
650 4 _aPolítica financiera
_947042
700 1 _aBrust, Flora
_etr.
_947043
942 _2ddc
_cLBS1
999 _c22383
_d22383